000 00943nam a2200253Ia 4500
003 OSt
005 20221005113320.0
006 a|||||r|||| 00| 0
007 ta
008 221004b |||||||| |||| 00| 0 pan d
020 _a9788130203768 (hbk)
_cINR 400.00
024 _a32305
037 _b790, 27/02/2017, H.K. Prakashan
_cTextual
040 _aCRL
_cCRL
_bpan
041 _2pan
_apan
082 _aYZwN25, 153Q6
100 _aਤਾਤਲਾ, ਦਰFਨ ਸਿੰਘ
_9157406
245 0 _aਸ. ਬੁੱਧ ਸਿੰਘ ਢਾਹਾਂ
_b ਜੀਵਨ ਅਤੇ ਯੋਗਦਾਨ
260 _aਪਟਿਆਲਾ
_bਪਬਲੀਕੇFਨ ਬਿਊਰੋ ਭਾਰਤ
_c2016
300 _a251ਪ੍ਰ0
_ccm.
650 _a ਸਮਾਜ ਸੁਧਾਰਕ
_9156353
942 _hYZwN25, 153Q6
_cTEXL
_2cc
999 _c1027768
_d1027768